[Event "DEM U18w 2022"]
[Site "Willingen GER"]
[Date "2022.06.06"]
[Round "3"]
[White "Wagner, Julia"]
[Black "Falke, Ornella"]
[Result "1/2-1/2"]
[Termination "normal"]
[Board "1"]
[WhiteElo "1361"]
[BlackElo "1872"]
[WhiteClock "00:24:42"]
[BlackClock "00:07:21"]
[PlyCount "97"]
[WhiteFideId "16259351"]
[BlackFideId "16207092"]
[EventCountry "GER"]
[EventRounds "9"]
[EventType "swiss"]
[EventDate "2022.06.04"]

1. e4 {[%clk 1:30:58]} c6 {[%clk 1:30:38]} 2. d4 {[%clk 1:31:22]} d5 {[%clk
1:31:01]} 3. Nd2 {[%clk 1:31:45]} dxe4 {[%clk 1:31:19]} 4. Nxe4 {[%clk
1:32:08]} Nd7 {[%clk 1:31:41]} 5. Nf3 {[%clk 1:32:23]} Ngf6 {[%clk 1:31:58]} 6.
Nxf6+ {[%clk 1:32:22]} Nxf6 {[%clk 1:32:22]} 7. Bd3 {[%clk 1:30:52]} Bg4 {[%clk
1:31:59]} 8. c3 {[%clk 1:28:52]} e6 {[%clk 1:32:28]} 9. h3 {[%clk 1:24:45]} Bh5
{[%clk 1:32:33]} 10. g4 {[%clk 1:25:06]} Bg6 {[%clk 1:32:41]} 11. Bf4 {[%clk
1:24:40]} Nd5 {[%clk 1:26:53]} 12. Bg3 {[%clk 1:18:08]} Bd6 {[%clk 1:22:27]}
13. Ne5 {[%clk 1:16:38]} Bxd3 {[%clk 1:16:30]} 14. Nxd3 {[%clk 1:13:25]} Bxg3
{[%clk 1:14:35]} 15. fxg3 {[%clk 1:13:47]} Qg5 {[%clk 0:57:16]} 16. Qd2 {[%clk
1:03:41]} h6 {[%clk 0:53:32]} 17. Qxg5 {[%clk 0:54:32]} hxg5 {[%clk 0:53:59]}
18. O-O-O {[%clk 0:54:40]} Ke7 {[%clk 0:51:28]} 19. Ne5 {[%clk 0:53:16]} Rh6
{[%clk 0:50:17]} 20. h4 {[%clk 0:42:45]} f6 {[%clk 0:47:04]} 21. Nf3 {[%clk
0:39:23]} Rah8 {[%clk 0:42:26]} 22. Rhe1 {[%clk 0:36:32]} gxh4 {[%clk 0:40:43]}
23. gxh4 {[%clk 0:34:28]} b5 {[%clk 0:29:10]} 24. Re4 {[%clk 0:30:14]} Kd6
{[%clk 0:15:45]} 25. Rde1 {[%clk 0:24:14]} f5 {[%clk 0:15:01]} 26. gxf5 {[%clk
0:23:54]} exf5 {[%clk 0:15:26]} 27. Re5 {[%clk 0:23:06]} Nf4 {[%clk 0:13:52]}
28. Kd2 {[%clk 0:18:54]} Ng2 {[%clk 0:11:50]} 29. R1e2 {[%clk 0:13:55]} Nxh4
{[%clk 0:11:56]} 30. Nxh4 {[%clk 0:14:20]} Rxh4 {[%clk 0:12:23]} 31. Rxf5
{[%clk 0:14:33]} Rh2 {[%clk 0:11:45]} 32. Rff2 {[%clk 0:13:41]} Rxf2 {[%clk
0:10:53]} 33. Rxf2 {[%clk 0:14:07]} g5 {[%clk 0:08:14]} 34. Rf6+ {[%clk
0:12:36]} Kc7 {[%clk 0:06:28]} 35. Rf7+ {[%clk 0:09:57]} Kb6 {[%clk 0:06:46]}
36. Rg7 {[%clk 0:10:07]} Rh2+ {[%clk 0:07:07]} 37. Kc1 {[%clk 0:10:23]} Rg2
{[%clk 0:07:25]} 38. b4 {[%clk 0:09:29]} g4 {[%clk 0:05:48]} 39. Kd1 {[%clk
0:06:54]} Rg3 {[%clk 0:04:17]} 40. Kd2 {[%clk 0:06:23]} Rg2+ {[%clk 0:04:26]}
41. Ke3 {[%clk 0:01:13]} Rg1 {[%clk 0:27:06]} 42. Rg6 {[%clk 0:27:02]} Kc7
{[%clk 0:14:14]} 43. Rg7+ {[%clk 0:26:47]} Kb6 {[%clk 0:13:32]} 44. Rg6 {[%clk
0:26:11]} Rg3+ {[%clk 0:12:46]} 45. Kd2 {[%clk 0:24:17]} Rg2+ {[%clk 0:12:44]}
46. Kd3 {[%clk 0:23:57]} Rg3+ {[%clk 0:09:53]} 47. Kd2 {[%clk 0:24:18]} Rg2+
{[%clk 0:08:39]} 48. Kd3 {[%clk 0:24:42]} Rg3+ {[%clk 0:07:21]} 49. Ke4 1/2-1/2

[Event "DEM U18w 2022"]
[Site "Willingen GER"]
[Date "2022.06.06"]
[Round "3"]
[White "Bardorz, Jana"]
[Black "Yue, Qizhou"]
[Result "1-0"]
[Termination "normal"]
[Board "2"]
[WhiteElo "1974"]
[BlackElo "1715"]
[WhiteClock "00:20:15"]
[BlackClock "00:25:39"]
[PlyCount "89"]
[WhiteFideId "16208897"]
[BlackFideId "16273800"]
[EventCountry "GER"]
[EventRounds "9"]
[EventType "swiss"]
[EventDate "2022.06.04"]

1. e4 {[%clk 1:30:56]} c5 {[%clk 1:30:52]} 2. Nf3 {[%clk 1:31:19]} e6 {[%clk
1:31:16]} 3. d4 {[%clk 1:31:45]} cxd4 {[%clk 1:31:41]} 4. Nxd4 {[%clk 1:32:06]}
Nc6 {[%clk 1:32:00]} 5. Nc3 {[%clk 1:32:13]} Qc7 {[%clk 1:32:16]} 6. f4 {[%clk
1:32:22]} a6 {[%clk 1:30:26]} 7. Nxc6 {[%clk 1:32:25]} Qxc6 {[%clk 1:27:20]} 8.
Bd3 {[%clk 1:32:17]} Nf6 {[%clk 1:16:06]} 9. Qe2 {[%clk 1:30:38]} Bb4 {[%clk
1:11:39]} 10. Bd2 {[%clk 1:29:07]} b5 {[%clk 1:03:26]} 11. O-O-O {[%clk
1:23:32]} Bb7 {[%clk 1:00:19]} 12. Rhe1 {[%clk 1:07:58]} Rc8 {[%clk 0:50:46]}
13. g4 {[%clk 1:00:35]} O-O {[%clk 0:32:15]} 14. g5 {[%clk 0:52:31]} Ne8 {[%clk
0:32:15]} 15. a3 {[%clk 0:47:19]} Bc5 {[%clk 0:24:37]} 16. Qh5 {[%clk 0:40:46]}
f6 {[%clk 0:16:27]} 17. g6 {[%clk 0:35:09]} hxg6 {[%clk 0:15:53]} 18. Qxg6
{[%clk 0:35:14]} f5 {[%clk 0:13:32]} 19. Qg5 {[%clk 0:26:27]} Nd6 {[%clk
0:10:39]} 20. Be3 {[%clk 0:23:02]} Nxe4 {[%clk 0:07:32]} 21. Bxe4 {[%clk
0:20:01]} Bxe3+ {[%clk 0:07:12]} 22. Rxe3 {[%clk 0:20:25]} fxe4 {[%clk
0:07:24]} 23. Rg1 {[%clk 0:17:13]} Rf7 {[%clk 0:07:43]} 24. Rh3 {[%clk
0:14:55]} Qc5 25. Qg3 {[%clk 0:09:53]} Qf5 {[%clk 0:06:04]} 26. Rh4 {[%clk
0:08:33]} a5 {[%clk 0:05:40]} 27. Rg4 {[%clk 0:08:12]} Qf6 {[%clk 0:05:22]} 28.
Nxb5 {[%clk 0:07:00]} Rc6 {[%clk 0:05:06]} 29. c3 {[%clk 0:05:18]} Ba6 {[%clk
0:04:30]} 30. Rg6 {[%clk 0:04:41]} Qxf4+ {[%clk 0:03:58]} 31. Qxf4 {[%clk
0:04:52]} Rxf4 {[%clk 0:04:23]} 32. Rxg7+ {[%clk 0:04:48]} Kf8 {[%clk 0:04:30]}
33. Nd4 {[%clk 0:04:26]} Rd6 {[%clk 0:03:43]} 34. Rxd7 {[%clk 0:02:35]} Rxd7
{[%clk 0:03:02]} 35. Nxe6+ {[%clk 0:02:59]} Ke8 {[%clk 0:02:39]} 36. Nxf4
{[%clk 0:03:17]} Rf7 {[%clk 0:01:41]} 37. Nd5 {[%clk 0:02:27]} Bb7 {[%clk
0:01:15]} 38. c4 {[%clk 0:01:51]} Rf2 {[%clk 0:00:43]} 39. h4 {[%clk 0:01:08]}
Rh2 {[%clk 0:00:49]} 40. Rg4 {[%clk 0:01:09]} Re2 {[%clk 0:00:33]} 41. h5
{[%clk 0:27:03]} Kf8 {[%clk 0:26:56]} 42. h6 {[%clk 0:21:13]} Rh2 {[%clk
0:26:19]} 43. Rf4+ {[%clk 0:20:47]} Kg8 {[%clk 0:25:49]} 44. Nf6+ {[%clk
0:20:45]} Kh8 {[%clk 0:25:39]} 45. Rg4 {[%clk 0:20:15]} 1-0

[Event "DEM U18w 2022"]
[Site "Willingen GER"]
[Date "2022.06.06"]
[Round "3"]
[White "Gröschel, Karoline"]
[Black "Basovskiy, Jana"]
[Result "1-0"]
[Termination "normal"]
[Board "6"]
[WhiteElo "1546"]
[BlackElo "1938"]
[WhiteClock "00:29:33"]
[BlackClock "00:10:04"]
[PlyCount "57"]
[WhiteFideId "34610537"]
[BlackFideId "16208617"]
[EventCountry "GER"]
[EventRounds "9"]
[EventType "swiss"]
[EventDate "2022.06.04"]

1. e4 {[%clk 1:30:58]} c6 {[%clk 1:30:57]} 2. d4 {[%clk 1:31:23]} d5 {[%clk
1:31:24]} 3. Nc3 {[%clk 1:31:45]} dxe4 {[%clk 1:31:49]} 4. Nxe4 {[%clk
1:32:09]} Bf5 {[%clk 1:32:15]} 5. Ng3 {[%clk 1:32:32]} Bg6 {[%clk 1:32:42]} 6.
h4 {[%clk 1:32:54]} h6 {[%clk 1:33:07]} 7. Nf3 {[%clk 1:33:20]} Nd7 {[%clk
1:33:31]} 8. h5 {[%clk 1:33:30]} Bh7 {[%clk 1:33:58]} 9. Bd3 {[%clk 1:33:55]}
Bxd3 {[%clk 1:34:23]} 10. Qxd3 {[%clk 1:34:17]} e6 {[%clk 1:34:48]} 11. Bd2
{[%clk 1:32:49]} Ngf6 {[%clk 1:32:22]} 12. O-O-O {[%clk 1:32:25]} Be7 {[%clk
1:31:50]} 13. Ne4 {[%clk 1:26:13]} Nxe4 {[%clk 1:29:03]} 14. Qxe4 {[%clk
1:26:38]} Nf6 {[%clk 1:29:29]} 15. Qe2 {[%clk 1:26:59]} Qc7 {[%clk 1:21:32]}
16. Kb1 {[%clk 1:10:52]} O-O {[%clk 1:15:18]} 17. Ne5 {[%clk 1:06:57]} Bd6
{[%clk 1:07:41]} 18. g4 {[%clk 0:58:26]} Nh7 {[%clk 0:50:26]} 19. f4 {[%clk
0:54:52]} Rfe8 {[%clk 0:39:46]} 20. g5 {[%clk 0:49:39]} hxg5 {[%clk 0:26:17]}
21. fxg5 {[%clk 0:47:06]} Bxe5 {[%clk 0:25:55]} 22. dxe5 {[%clk 0:44:48]} g6
{[%clk 0:25:17]} 23. hxg6 {[%clk 0:35:54]} fxg6 {[%clk 0:25:40]} 24. Rh6 {[%clk
0:34:59]} Kg7 {[%clk 0:22:04]} 25. Rdh1 {[%clk 0:29:13]} Nf8 {[%clk 0:22:15]}
26. Qh2 {[%clk 0:29:20]} Rac8 {[%clk 0:09:21]} 27. Rh7+ {[%clk 0:28:51]} Nxh7
{[%clk 0:09:38]} 28. Qxh7+ {[%clk 0:29:14]} Kf8 {[%clk 0:10:04]} 29. Rf1+
{[%clk 0:29:33]} 1-0

[Event "DEM U18w 2022"]
[Site "Willingen GER"]
[Date "2022.06.07"]
[Round "4"]
[White "Falke, Ornella"]
[Black "Bardorz, Jana"]
[Result "0-1"]
[Termination "normal"]
[Board "1"]
[WhiteElo "1872"]
[BlackElo "1974"]
[WhiteClock "00:01:12"]
[BlackClock "00:08:00"]
[PlyCount "104"]
[WhiteFideId "16207092"]
[BlackFideId "16208897"]
[EventCountry "GER"]
[EventRounds "9"]
[EventType "swiss"]
[EventDate "2022.06.04"]

1. d4 {[%clk 1:30:56]} d5 {[%clk 1:30:55]} 2. c4 {[%clk 1:31:19]} e6 {[%clk
1:31:19]} 3. Nc3 {[%clk 1:31:42]} Nf6 {[%clk 1:31:43]} 4. cxd5 {[%clk 1:31:58]}
exd5 {[%clk 1:32:04]} 5. Bg5 {[%clk 1:32:12]} Be7 {[%clk 1:32:18]} 6. Qc2
{[%clk 1:32:12]} O-O {[%clk 1:31:06]} 7. e3 {[%clk 1:32:32]} h6 {[%clk
1:29:35]} 8. Bf4 {[%clk 1:30:29]} c5 {[%clk 1:20:00]} 9. Nf3 {[%clk 1:25:38]}
Nc6 {[%clk 1:17:59]} 10. Be2 {[%clk 1:10:36]} c4 {[%clk 1:11:24]} 11. a3 {[%clk
1:05:53]} a6 {[%clk 1:06:42]} 12. O-O {[%clk 1:04:18]} Re8 {[%clk 1:02:34]} 13.
Rad1 {[%clk 0:57:25]} Bd6 {[%clk 1:00:16]} 14. Ne5 {[%clk 0:51:34]} Qc7 {[%clk
0:52:58]} 15. Bg3 {[%clk 0:42:34]} b5 {[%clk 0:42:49]} 16. Bh4 {[%clk 0:31:49]}
Nxe5 {[%clk 0:36:55]} 17. dxe5 {[%clk 0:25:16]} Bxe5 {[%clk 0:37:11]} 18. f4
{[%clk 0:25:22]} Bxc3 {[%clk 0:33:32]} 19. Qxc3 {[%clk 0:25:38]} Ne4 {[%clk
0:31:38]} 20. Qd4 {[%clk 0:25:45]} Bb7 {[%clk 0:31:04]} 21. f5 {[%clk 0:22:54]}
Qc5 {[%clk 0:26:17]} 22. Bf3 {[%clk 0:18:26]} Qxd4 {[%clk 0:24:37]} 23. exd4
{[%clk 0:18:40]} Nd6 {[%clk 0:18:48]} 24. f6 {[%clk 0:17:53]} g5 {[%clk
0:14:06]} 25. Bg3 {[%clk 0:16:40]} Nf5 {[%clk 0:12:41]} 26. Bxd5 {[%clk
0:16:24]} Nxg3 {[%clk 0:11:53]} 27. Bxb7 {[%clk 0:16:47]} Nxf1 {[%clk 0:10:06]}
28. Bxa8 {[%clk 0:16:57]} Rxa8 {[%clk 0:09:18]} 29. Kxf1 {[%clk 0:17:18]} Kh7
{[%clk 0:08:36]} 30. Ke2 {[%clk 0:12:59]} Kg6 {[%clk 0:08:23]} 31. g4 {[%clk
0:10:46]} Kxf6 {[%clk 0:07:15]} 32. Rf1+ {[%clk 0:10:59]} Ke6 {[%clk 0:06:49]}
33. Rf5 {[%clk 0:09:58]} f6 {[%clk 0:05:58]} 34. Kf3 {[%clk 0:09:09]} Rc8
{[%clk 0:04:28]} 35. Ke4 {[%clk 0:07:25]} c3 {[%clk 0:04:49]} 36. bxc3 {[%clk
0:07:46]} Rxc3 {[%clk 0:05:12]} 37. d5+ {[%clk 0:07:41]} Ke7 {[%clk 0:04:46]}
38. d6+ {[%clk 0:07:55]} Ke6 {[%clk 0:04:18]} 39. d7 {[%clk 0:07:05]} Kxd7
{[%clk 0:01:56]} 40. Rxf6 {[%clk 0:06:55]} Rxa3 {[%clk 0:01:57]} 41. Rxh6
{[%clk 0:07:01]} b4 {[%clk 0:28:48]} 42. Rg6 {[%clk 0:30:37]} Ra5 {[%clk
0:20:22]} 43. Rb6 {[%clk 0:20:41]} Ra4 {[%clk 0:12:09]} 44. Kd3 {[%clk
0:18:14]} a5 {[%clk 0:09:52]} 45. Rb5 {[%clk 0:15:09]} Ra2 {[%clk 0:07:43]} 46.
Rxg5 {[%clk 0:13:00]} a4 {[%clk 0:07:05]} 47. Kc4 {[%clk 0:07:31]} b3 {[%clk
0:07:02]} 48. Rd5+ {[%clk 0:07:25]} Ke6 {[%clk 0:06:52]} 49. Rb5 {[%clk
0:02:01]} b2 {[%clk 0:06:55]} 50. Kc3 {[%clk 0:02:02]} a3 {[%clk 0:07:20]} 51.
g5 {[%clk 0:01:12]} Ra1 {[%clk 0:07:37]} 52. Kc2 {[%clk 0:01:12]} Rc1+ {[%clk
0:08:00]} 0-1

[Event "DEM U18w 2022"]
[Site "Willingen GER"]
[Date "2022.06.07"]
[Round "4"]
[White "Rudolph, Eva"]
[Black "Wagner, Julia"]
[Result "1-0"]
[Termination "normal"]
[Board "2"]
[WhiteElo "1860"]
[BlackElo "1361"]
[WhiteClock "00:10:22"]
[BlackClock "00:14:35"]
[PlyCount "59"]
[WhiteFideId "16200594"]
[BlackFideId "16259351"]
[EventCountry "GER"]
[EventRounds "9"]
[EventType "swiss"]
[EventDate "2022.06.04"]

1. e4 {[%clk 1:30:56]} e5 {[%clk 1:30:54]} 2. Nf3 {[%clk 1:31:21]} Nc6 {[%clk
1:31:19]} 3. d4 {[%clk 1:31:44]} exd4 {[%clk 1:31:42]} 4. Nxd4 {[%clk 1:32:09]}
Bc5 {[%clk 1:32:06]} 5. Nb3 {[%clk 1:32:34]} Bb6 {[%clk 1:32:30]} 6. Nc3 {[%clk
1:32:51]} Nf6 {[%clk 1:32:51]} 7. Qe2 {[%clk 1:33:10]} O-O {[%clk 1:32:57]} 8.
Bg5 {[%clk 1:33:25]} Nd4 {[%clk 1:31:37]} 9. Qd2 {[%clk 1:33:26]} Nxb3 {[%clk
1:28:55]} 10. axb3 {[%clk 1:33:38]} Re8 {[%clk 1:26:46]} 11. f3 {[%clk
1:16:38]} h6 {[%clk 1:16:13]} 12. Be3 {[%clk 1:16:01]} Bxe3 {[%clk 1:09:15]}
13. Qxe3 {[%clk 1:16:25]} b6 {[%clk 1:05:20]} 14. O-O-O {[%clk 1:14:19]} Bb7
{[%clk 0:58:38]} 15. Qd2 {[%clk 1:01:07]} c6 {[%clk 0:53:42]} 16. Kb1 {[%clk
0:49:32]} b5 {[%clk 0:46:43]} 17. g4 {[%clk 0:42:40]} a6 {[%clk 0:35:36]} 18.
h4 {[%clk 0:39:49]} d5 {[%clk 0:25:08]} 19. g5 {[%clk 0:36:26]} d4 {[%clk
0:23:47]} 20. Ne2 {[%clk 0:35:07]} hxg5 {[%clk 0:23:59]} 21. hxg5 {[%clk
0:33:29]} Nh7 {[%clk 0:23:48]} 22. f4 {[%clk 0:12:32]} g6 {[%clk 0:22:22]} 23.
Nxd4 {[%clk 0:09:44]} c5 {[%clk 0:20:28]} 24. Qh2 {[%clk 0:09:28]} cxd4 {[%clk
0:13:46]} 25. Qxh7+ {[%clk 0:09:47]} Kf8 {[%clk 0:14:07]} 26. Qh8+ {[%clk
0:09:56]} Ke7 {[%clk 0:14:29]} 27. Qf6+ {[%clk 0:10:16]} Kd7 {[%clk 0:14:34]}
28. Rxd4+ {[%clk 0:10:22]} Kc8 {[%clk 0:14:17]} 29. Rxd8+ {[%clk 0:10:22]} Rxd8
{[%clk 0:14:35]} 30. Bd3 1-0

[Event "DEM U18w 2022"]
[Site "Willingen GER"]
[Date "2022.06.07"]
[Round "4"]
[White "Schneider, Katharina"]
[Black "Krömer, Paulina"]
[Result "1-0"]
[Termination "normal"]
[Board "5"]
[WhiteElo "1810"]
[BlackElo "1583"]
[WhiteClock "00:04:22"]
[BlackClock "00:02:04"]
[PlyCount "79"]
[WhiteFideId "16200519"]
[BlackFideId "16212363"]
[EventCountry "GER"]
[EventRounds "9"]
[EventType "swiss"]
[EventDate "2022.06.04"]

1. e4 {[%clk 1:30:57]} c5 {[%clk 1:30:56]} 2. Nf3 {[%clk 1:31:23]} Nc6 {[%clk
1:31:23]} 3. d4 {[%clk 1:31:40]} cxd4 {[%clk 1:31:49]} 4. Nxd4 {[%clk 1:32:02]}
Qb6 {[%clk 1:32:16]} 5. Nb3 {[%clk 1:32:16]} Nf6 {[%clk 1:32:32]} 6. Nc3 {[%clk
1:32:36]} e6 {[%clk 1:32:44]} 7. Bd3 {[%clk 1:32:26]} a6 {[%clk 1:32:54]} 8.
Be3 {[%clk 1:32:49]} Qc7 {[%clk 1:33:21]} 9. f4 {[%clk 1:32:51]} d6 {[%clk
1:33:17]} 10. Qf3 {[%clk 1:33:02]} Be7 {[%clk 1:29:25]} 11. g4 {[%clk 1:32:24]}
b5 {[%clk 1:26:42]} 12. g5 {[%clk 1:32:46]} Nd7 {[%clk 1:26:09]} 13. O-O-O
{[%clk 1:33:05]} Bb7 {[%clk 1:25:50]} 14. Kb1 {[%clk 1:33:17]} O-O-O {[%clk
1:09:19]} 15. h4 {[%clk 1:28:24]} Nc5 {[%clk 1:03:57]} 16. Nxc5 {[%clk
1:27:52]} dxc5 {[%clk 1:04:18]} 17. Qf2 {[%clk 1:21:40]} Nd4 {[%clk 1:01:01]}
18. Rhe1 {[%clk 1:09:23]} Rd7 {[%clk 0:54:20]} 19. Bf1 {[%clk 0:49:50]} Rhd8
{[%clk 0:51:08]} 20. Bg2 {[%clk 0:32:53]} b4 {[%clk 0:40:01]} 21. Ne2 {[%clk
0:30:29]} Nb5 {[%clk 0:29:19]} 22. Rxd7 {[%clk 0:29:32]} Rxd7 {[%clk 0:29:45]}
23. f5 {[%clk 0:26:17]} Qa5 {[%clk 0:23:50]} 24. fxe6 {[%clk 0:20:52]} fxe6
{[%clk 0:24:13]} 25. Bh3 {[%clk 0:20:42]} Qb6 {[%clk 0:06:49]} 26. Qf7 {[%clk
0:19:56]} Nc7 {[%clk 0:02:53]} 27. Qg8+ {[%clk 0:12:55]} Bd8 {[%clk 0:02:21]}
28. Nf4 {[%clk 0:10:16]} Bxe4 29. Nxe6 {[%clk 0:07:38]} Bd5 {[%clk 0:02:34]}
30. Bxc5 {[%clk 0:07:50]} Bxa2+ {[%clk 0:00:59]} 31. Kxa2 {[%clk 0:04:57]} b3+
{[%clk 0:01:22]} 32. cxb3 {[%clk 0:05:10]} Qa5+ {[%clk 0:01:46]} 33. Ba3 {[%clk
0:05:25]} Qxe1 {[%clk 0:02:09]} 34. Nxd8 {[%clk 0:05:11]} Qd1 {[%clk 0:01:37]}
35. Bxd7+ {[%clk 0:04:14]} Kxd7 {[%clk 0:01:32]} 36. Nb7 {[%clk 0:04:07]} Qh5
{[%clk 0:01:01]} 37. Qxg7+ {[%clk 0:04:07]} Kc6 {[%clk 0:01:23]} 38. Nd8+
{[%clk 0:04:08]} Kb6 {[%clk 0:01:44]} 39. Qd4+ {[%clk 0:04:06]} Kb5 {[%clk
0:02:04]} 40. Qb4# {[%clk 0:04:22]} 1-0

[Event "DEM U18w 2022"]
[Site "Willingen GER"]
[Date "2022.06.07"]
[Round "4"]
[White "Cheredzhiyska, Iva"]
[Black "Albayrak, Nese Pinar"]
[Result "1-0"]
[Termination "normal"]
[Board "6"]
[WhiteElo "1696"]
[BlackElo "1683"]
[WhiteClock "00:19:06"]
[BlackClock "00:00:44"]
[PlyCount "71"]
[WhiteFideId "16241622"]
[BlackFideId "16255259"]
[EventCountry "GER"]
[EventRounds "9"]
[EventType "swiss"]
[EventDate "2022.06.04"]

1. e4 {[%clk 1:30:47]} d5 {[%clk 1:30:52]} 2. exd5 {[%clk 1:31:11]} Qxd5 {[%clk
1:31:18]} 3. Nc3 {[%clk 1:31:32]} Qd6 {[%clk 1:31:43]} 4. d4 {[%clk 1:31:37]}
Nf6 {[%clk 1:32:06]} 5. Nf3 {[%clk 1:29:00]} a6 {[%clk 1:32:28]} 6. a4 {[%clk
1:28:44]} b6 {[%clk 1:28:51]} 7. Bc4 {[%clk 1:20:21]} Nbd7 {[%clk 1:24:16]} 8.
O-O {[%clk 1:17:22]} Bb7 {[%clk 1:21:15]} 9. Re1 {[%clk 1:14:17]} c5 {[%clk
0:57:08]} 10. Ng5 {[%clk 0:59:10]} cxd4 {[%clk 0:41:31]} 11. Bxf7+ {[%clk
0:51:43]} Kd8 {[%clk 0:41:56]} 12. Ne6+ {[%clk 0:49:33]} Kc8 {[%clk 0:42:24]}
13. Qxd4 {[%clk 0:48:57]} Qxd4 {[%clk 0:39:15]} 14. Nxd4 {[%clk 0:49:21]} e5
{[%clk 0:39:19]} 15. Ne6 {[%clk 0:48:39]} g6 {[%clk 0:14:49]} 16. a5 {[%clk
0:42:09]} Bd6 {[%clk 0:09:37]} 17. axb6 {[%clk 0:36:40]} Nxb6 {[%clk 0:09:49]}
18. Bg5 {[%clk 0:36:11]} Nfd5 {[%clk 0:07:55]} 19. Rad1 {[%clk 0:33:25]} Nxc3
{[%clk 0:04:50]} 20. Rxd6 {[%clk 0:31:31]} Nc4 {[%clk 0:02:56]} 21. Rd3 {[%clk
0:27:16]} Ne4 {[%clk 0:02:40]} 22. Rxe4 {[%clk 0:25:08]} Bxe4 {[%clk 0:02:49]}
23. Rc3 {[%clk 0:25:24]} Bd5 {[%clk 0:02:43]} 24. b3 {[%clk 0:24:51]} Rb8
{[%clk 0:02:07]} 25. f3 {[%clk 0:23:26]} Kd7 {[%clk 0:01:50]} 26. bxc4 {[%clk
0:22:20]} Rb1+ {[%clk 0:01:04]} 27. Kf2 {[%clk 0:22:44]} Bc6 {[%clk 0:00:35]}
28. Rd3+ {[%clk 0:21:45]} Kc8 {[%clk 0:00:49]} 29. Bf6 {[%clk 0:21:37]} e4
{[%clk 0:00:34]} 30. fxe4 {[%clk 0:21:31]} Bxe4 {[%clk 0:00:58]} 31. Rd4 {[%clk
0:21:25]} Bxc2 {[%clk 0:00:34]} 32. Bxh8 {[%clk 0:21:39]} a5 {[%clk 0:00:56]}
33. Rd2 {[%clk 0:19:57]} Bf5 {[%clk 0:00:35]} 34. Nc5 {[%clk 0:19:07]} Rb4
{[%clk 0:00:38]} 35. Bc3 {[%clk 0:18:54]} Rb6 {[%clk 0:00:44]} 36. Bxa5 {[%clk
0:19:06]} 1-0

[Event "DEM U18w 2022"]
[Site "Willingen GER"]
[Date "2022.06.07"]
[Round "4"]
[White "Basovskiy, Jana"]
[Black "Wilmink, Anna"]
[Result "1-0"]
[Termination "normal"]
[Board "8"]
[WhiteElo "1938"]
[BlackElo "1716"]
[WhiteClock "00:04:42"]
[BlackClock "00:02:03"]
[PlyCount "135"]
[WhiteFideId "16208617"]
[BlackFideId "16273680"]
[EventCountry "GER"]
[EventRounds "9"]
[EventType "swiss"]
[EventDate "2022.06.04"]

1. e4 {[%clk 1:30:59]} Nc6 {[%clk 1:30:53]} 2. Nf3 {[%clk 1:28:59]} f5 {[%clk
1:31:11]} 3. d3 {[%clk 1:26:19]} e5 {[%clk 1:29:46]} 4. Bg5 {[%clk 1:06:00]}
Nf6 {[%clk 1:24:27]} 5. Nc3 {[%clk 1:04:23]} Bb4 {[%clk 1:22:48]} 6. Qd2 {[%clk
1:02:15]} h6 {[%clk 1:20:59]} 7. Bxf6 {[%clk 1:02:40]} Qxf6 {[%clk 1:20:25]} 8.
a3 {[%clk 1:03:02]} Ba5 {[%clk 1:18:36]} 9. b4 {[%clk 0:56:54]} Bb6 {[%clk
1:18:22]} 10. Nd5 {[%clk 0:57:12]} Qd8 {[%clk 1:07:30]} 11. Be2 {[%clk
0:51:03]} d6 {[%clk 1:05:15]} 12. O-O {[%clk 0:49:36]} Be6 {[%clk 1:00:15]} 13.
Nxb6 {[%clk 0:49:12]} axb6 {[%clk 1:00:08]} 14. Ne1 {[%clk 0:48:49]} f4 {[%clk
0:56:41]} 15. Bh5+ {[%clk 0:34:45]} Kd7 {[%clk 0:56:26]} 16. c3 {[%clk
0:32:06]} Qf6 {[%clk 0:49:50]} 17. Qd1 {[%clk 0:31:47]} g5 {[%clk 0:48:43]} 18.
Bg4 {[%clk 0:31:54]} h5 {[%clk 0:47:32]} 19. Bxe6+ {[%clk 0:32:20]} Qxe6 {[%clk
0:46:50]} 20. Nf3 {[%clk 0:24:49]} Rag8 {[%clk 0:43:33]} 21. Re1 {[%clk
0:22:00]} g4 {[%clk 0:38:53]} 22. Nh4 {[%clk 0:22:25]} g3 {[%clk 0:38:02]} 23.
fxg3 {[%clk 0:22:26]} fxg3 {[%clk 0:37:31]} 24. h3 {[%clk 0:22:38]} Qf6 {[%clk
0:35:13]} 25. Nf5 {[%clk 0:22:41]} Ne7 {[%clk 0:33:58]} 26. Rf1 {[%clk
0:21:57]} Qg5 {[%clk 0:29:20]} 27. Qe2 {[%clk 0:15:39]} Rf8 {[%clk 0:27:55]}
28. Nxe7 {[%clk 0:15:57]} Kxe7 {[%clk 0:27:46]} 29. Rae1 {[%clk 0:15:56]} Qg7
{[%clk 0:23:14]} 30. Qe3 {[%clk 0:14:57]} h4 {[%clk 0:21:41]} 31. Rd1 {[%clk
0:12:54]} Rxf1+ {[%clk 0:19:47]} 32. Rxf1 {[%clk 0:13:18]} Rf8 {[%clk 0:20:02]}
33. a4 {[%clk 0:08:54]} Rxf1+ {[%clk 0:16:43]} 34. Kxf1 {[%clk 0:09:19]} Qf7+
{[%clk 0:16:57]} 35. Ke2 {[%clk 0:08:51]} Qa2+ {[%clk 0:16:06]} 36. Kf3 {[%clk
0:08:50]} Kf7 {[%clk 0:14:06]} 37. Qe2 {[%clk 0:02:21]} Qxa4 {[%clk 0:10:34]}
38. Kg4 {[%clk 0:02:37]} Qa1 {[%clk 0:08:50]} 39. Kxh4 {[%clk 0:01:56]} Qxc3
{[%clk 0:08:33]} 40. Qf3+ {[%clk 0:01:08]} Ke8 {[%clk 0:07:02]} 41. Qxg3 {[%clk
0:00:42]} Qxb4 {[%clk 0:05:24]} 42. Qg8+ {[%clk 0:00:39]} Kd7 {[%clk 0:04:43]}
43. Qf7+ {[%clk 0:00:57]} Kc6 {[%clk 0:03:28]} 44. Qd5+ {[%clk 0:01:21]} Kd7
{[%clk 0:03:44]} 45. Qf7+ {[%clk 0:25:24]} Kc6 {[%clk 0:33:34]} 46. g4 {[%clk
0:24:45]} Qe1+ {[%clk 0:32:26]} 47. Kh5 {[%clk 0:25:07]} Qd1 {[%clk 0:31:06]}
48. Qd5+ {[%clk 0:21:23]} Kd7 {[%clk 0:31:17]} 49. Kg6 {[%clk 0:13:08]} Qh1
{[%clk 0:29:06]} 50. Qf7+ {[%clk 0:13:31]} Kc6 {[%clk 0:29:01]} 51. Qh7 {[%clk
0:13:40]} b5 {[%clk 0:27:42]} 52. g5 {[%clk 0:12:58]} b4 {[%clk 0:27:24]} 53.
Kf6 {[%clk 0:10:58]} b3 {[%clk 0:26:40]} 54. g6 {[%clk 0:11:16]} Qf3+ {[%clk
0:22:10]} 55. Ke7 {[%clk 0:11:36]} b2 {[%clk 0:22:08]} 56. g7 {[%clk 0:11:02]}
b1=Q {[%clk 0:22:11]} 57. g8=Q {[%clk 0:11:18]} Qbxd3 {[%clk 0:21:31]} 58. Kd8
{[%clk 0:10:13]} Qf6+ {[%clk 0:12:07]} 59. Kc8 {[%clk 0:10:34]} Kb5 {[%clk
0:06:50]} 60. Qxc7 {[%clk 0:06:54]} Qxh3+ {[%clk 0:05:37]} 61. Kxb7 {[%clk
0:07:14]} Qfe6 {[%clk 0:02:07]} 62. Qa8 {[%clk 0:03:35]} Kb4 {[%clk 0:01:22]}
63. Qaa5+ {[%clk 0:03:20]} Kb3 {[%clk 0:01:39]} 64. Qb5+ {[%clk 0:03:20]} Ka2
{[%clk 0:01:57]} 65. Qca5+ {[%clk 0:03:42]} Qa3 {[%clk 0:02:12]} 66. Qe2+
{[%clk 0:04:02]} Kb3 {[%clk 0:02:05]} 67. Qd3+ {[%clk 0:04:19]} Kb2 {[%clk
0:02:03]} 68. Qaxa3# {[%clk 0:04:42]} 1-0